000 00966nam a2200253 i 4500
001 87625
003 ES-MaACL
005 20250727030120.0
007 t|
008 041222s1950 sp ||||1| spa d
100 1 _aKünkel, Fritz.
_969027
245 1 3 _aEl consejo psicológico en los momentos cruciales de la vida /
_cFritz Künkel y Ruth Gardner ; traducción del inglés por Mercedes Miracle Arola ; revisión por Fermín Fernández ; con un estudio preliminar por Ramón Sarró.
250 _a[1ª ed.].
260 _aBarcelona :
_bLuis Miracle,
_c[1950] (
_fAgustín Núñez)
300 _a399 p. :
_bil. ;
_c22 cm.
490 1 _aBiblioteca de antropología ;
_v6
700 1 _aGardner, Ruth.
_955518
700 1 _aMiracle Arola, Mercedes.
_981474
700 1 _aFernandez, Fermín.
_949360
700 1 _aSarró, Ramón.
_9103872
830 0 _aBiblioteca de antropología
_v6
_9180743
852 _aES-MaACL
_jD-5864
_bR.31539
999 _c87625
_d87625